Invention and evolution : (Record no. 9462)

MARC details
000 -LEADER
fixed length control field 01237pam a2200325 a 4500
001 - CONTROL NUMBER
control field 1581344
003 - CONTROL NUMBER IDENTIFIER
control field OSt
005 - DATE AND TIME OF LATEST TRANSACTION
control field 20241029172313.0
008 - FIXED-LENGTH DATA ELEMENTS--GENERAL INFORMATION
fixed length control field 931209s1994 enka b 001 0 eng
010 ## - LIBRARY OF CONGRESS CONTROL NUMBER
LC control number 93048554
020 ## - INTERNATIONAL STANDARD BOOK NUMBER
International Standard Book Number 0521465036 (hardback)
020 ## - INTERNATIONAL STANDARD BOOK NUMBER
International Standard Book Number 0521469112 (paperback)
040 ## - CATALOGING SOURCE
Original cataloging agency DLC
Transcribing agency must
Modifying agency DLC
050 00 - LIBRARY OF CONGRESS CALL NUMBER
Classification number TA174
Item number .F75 1994
082 00 - DEWEY DECIMAL CLASSIFICATION NUMBER
Classification number 620.4
Edition number 20
100 1# - MAIN ENTRY--PERSONAL NAME
Personal name French, M. J.
9 (RLIN) 19296
245 10 - TITLE STATEMENT
Title Invention and evolution :
Remainder of title design in nature and engineering /
Statement of responsibility, etc. Michael French.
250 ## - EDITION STATEMENT
Edition statement 2nd ed.
260 ## - PUBLICATION, DISTRIBUTION, ETC. (IMPRINT)
Place of publication, distribution, etc. Cambridge ;
-- New York :
Name of publisher, distributor, etc. Cambridge University Press,
Date of publication, distribution, etc. 1994.
300 ## - PHYSICAL DESCRIPTION
Extent xx, 367 p. :
Other physical details ill. ;
Dimensions 26 cm.
504 ## - BIBLIOGRAPHY, ETC. NOTE
Bibliography, etc Includes bibliographical references (p. 358-361) and index.
650 #0 - SUBJECT ADDED ENTRY--TOPICAL TERM
Topical term or geographic name as entry element Engineering design.
9 (RLIN) 4897
650 #0 - SUBJECT ADDED ENTRY--TOPICAL TERM
Topical term or geographic name as entry element Structural design.
9 (RLIN) 19297
650 #0 - SUBJECT ADDED ENTRY--TOPICAL TERM
Topical term or geographic name as entry element Nature (Aesthetics)
9 (RLIN) 19298
856 42 - ELECTRONIC LOCATION AND ACCESS
Materials specified Publisher description
Uniform Resource Identifier <a href="http://www.loc.gov/catdir/description/cam026/93048554.html">http://www.loc.gov/catdir/description/cam026/93048554.html</a>
856 41 - ELECTRONIC LOCATION AND ACCESS
Materials specified Table of contents only
Uniform Resource Identifier <a href="http://www.loc.gov/catdir/enhancements/fy0708/93048554-t.html">http://www.loc.gov/catdir/enhancements/fy0708/93048554-t.html</a>
906 ## - LOCAL DATA ELEMENT F, LDF (RLIN)
a 7
b cbc
c orignew
d 1
e ocip
f 19
g y-gencatlg
942 ## - ADDED ENTRY ELEMENTS (KOHA)
Source of classification or shelving scheme Dewey Decimal Classification
Koha item type Book Bank
Holdings
Withdrawn status Lost status Source of classification or shelving scheme Damaged status Not for loan Home library Current library Date acquired Source of acquisition Inventory number Total Checkouts Full call number Barcode Date last seen Price effective from Koha item type
    Dewey Decimal Classification     MUST Main Library MUST Main Library 29/10/2024 donation 2001/15637   620.4 2024-22532 29/10/2024 29/10/2024 Book Bank